书目信息 |
| 题名: |
电脑入门
|
|
| 作者: | 罗皇 , 周鑫 , 刘刚 编著 | |
| 分册: | ||
| 出版信息: | 北京 清华大学出版社 2005.8 |
|
| 页数: | XIII,242页 | |
| 开本: | 26cm | |
| 丛书名: | 一学就会魔法书 | |
| 单 册: | ||
| 中图分类: | TP3 | |
| 科图分类: | ||
| 主题词: | 电子计算机--dian zi ji suan ji--基本知识 | |
| 电子资源: | ||
| ISBN: | 7-302-11027-1 | |
| 000 | 01199nam0 2200337 450 | |
| 000 | 01219nam0 2200337 450 | |
| 000 | 01182nam0 2200325 450 | |
| 000 | 01139nam0 2200313 450 | |
| 000 | 01128nam0 2200313 450 | |
| 000 | 01091nam0 2200301 45 | |
| 001 | 012005000000 | |
| 005 | 20051008101010.0 | |
| 010 | @a7-302-11027-1@dCNY29.00(含光盘) | |
| 010 | @a7-89494-807-1@b光盘 | |
| 100 | @a20051008e2005 em y0chiy0121 ea | |
| 101 | 0 | @achi |
| 102 | @aCN@b110000 | |
| 105 | @af z 000yy | |
| 200 | 1 | @a电脑入门@Adian nao ru men@f罗皇,周鑫,刘刚等编著 |
| 210 | @a北京@c清华大学出版社@d2005.8@h2005.9重印 | |
| 215 | @aXIII,242页@c图@d26cm@e光盘1片 | |
| 225 | 2 | @a一学就会魔法书@Ayi xue jiu hui mo fa shu |
| 330 | @a本书主要内容包括电脑基础知识、键盘和鼠标的使用方法、Windows XP的基础知识、拼音输入法、管理电脑中的资源、用电脑画画、在电脑上听音乐、看VCD和玩游戏、收发电子邮件和电脑的维护等知识。 | |
| 461 | 0 | @12001 @a一学就会魔法书 |
| 606 | 0 | @a电子计算机@Adian zi ji suan ji@x基本知识 |
| 690 | @aTP3@v4 | |
| 701 | 0 | @a罗皇@Aluo huang@4编著 |
| 701 | 0 | @a周鑫@Azhou xin@4编著 |
| 701 | 0 | @a刘刚@Aliu gang@4编著 |
| 801 | 0 | @aCN@bSRXX@c20051008 |
| 905 | @a10447@dTP3@eL942 | |
| 电脑入门/罗皇,周鑫,刘刚等编著.-北京:清华大学出版社,2005.8(2005.9重印) |
| XIII,242页:图;26cm+光盘1片.-(一学就会魔法书) |
| ISBN 7-302-11027-1:CNY29.00(含光盘) |
| 本书主要内容包括电脑基础知识、键盘和鼠标的使用方法、Windows XP的基础知识、拼音输入法、管理电脑中的资源、用电脑画画、在电脑上听音乐、看VCD和玩游戏、收发电子邮件和电脑的维护等知识。 |
| ● |
| 相关链接 |
|
|
|
正题名:电脑入门
索取号:TP3/L942
 
预约/预借
| 序号 | 登录号 | 条形码 | 馆藏地/架位号 | 状态 | 备注 |
| 1 | 548219 | 205482191 | 自科二线400A/400A自科库 5排1列4层/ [索取号:TP3/L942] | 在馆 | |
| 2 | 548220 | 205482208 | 自科库301/ [索取号:TP3/L942] | 在馆 | |
| 3 | 548221 | 205482217 | 自科二线400A/400A自科库 5排1列4层/ [索取号:TP3/L942] | 在馆 |